000 00957nam a2200277 i 4500
001 bg
100 1 _aMANSFIELD, Ron
245 1 0 _aWord 6 dla Windows :
_bod podstaw do mistrzostwa (opis wersji polskiej i angielskiej) /
_cRon Mansfield ; z ang. przeł. Bożena Tyrowicz, Bogdan Krzymowski, Łukasz Brud.
246 _iTyt. oryg.:
_aMastering Word 6 for Windows
250 _aWyd.2 popr. i rozsz.
260 _aWarszawa :
_bKomputerowa Oficyna Wydawnicz "Help",
_c1995.
300 _a889 s. ;
_c24 cm.
500 _aOryg. "Mastering Word 6 for Windows" 1995.
630 0 9 _aWord dla Windows
655 _aPodręczniki
700 1 _aTYROWICZ, Bożena.
_eTł.
700 1 _aKRZYMOWSKI, Bogdan.
_eTł.
700 1 _aBRUD, Łukasz.
_eTł.
020 _a8385137750
040 _cBPK
041 _apl
_hen
080 _a655.1/.3:651.011.54/.56:681.322.06](07)
920 _a83-85137-75-0
942 _cKS
008 s pl f |000 0 pol
999 _c24441
_d24441
856 _uhttp://koha.tu.koszalin.pl/cgi-bin/koha/opac-detail.pl?biblionumber=24441
_yKatalog online BPK